| 000 | 00379nam a2200109Ia 4500 | ||
|---|---|---|---|
| 008 | 171211s9999 xx 000 0 und d | ||
| 245 | _aCrossing Borders, Making Homes: Stories of Resilient Women | ||
| 245 | _cDalia J. Llera Ed.D., Dolita Cathcart Ph.D., and Eleanor Roffman Ed.D. | ||
| 260 | _c2009 | ||
| 650 | _xBiography | ||
| 856 | _uhttp://down.ebook777.com/059/1606104004.pdf | ||
| 999 |
_c349974 _d349974 |
||